000
00285nam a22001337a 4500
008
181011b xxu||||| |||| 00| 0 eng d
020
_a
3805534973
041
_a
eng
080
_a
591
100
_a
7
101
_a
ZOO
245
_a
Diseases of the Horse
_c
Dietz, O
942
_2
udc
_c
BK
999
_c
49446
_d
49446